logo

Bir Sreshtho Munshi Abdur Rouf Library
Jhenaidah Cadet College

The epic of the kings : (Record no. 7032)

MARC details
000 -LEADER
fixed length control field 00963pam a2200289 a 4500
001 - CONTROL NUMBER
JCCL Control Number 7032
003 - CONTROL NUMBER IDENTIFIER
JCCL marc code BD-JhCC
005 - DATE AND TIME OF LATEST TRANSACTION
control field 20180204114043.0
008 - FIXED-LENGTH DATA ELEMENTS--GENERAL INFORMATION
fixed length control field 960424s1996 cau 000 0 eng
020 ## - INTERNATIONAL STANDARD BOOK NUMBER
International Standard Book Number 1568590350 (pbk. : alk. paper)
035 ## - SYSTEM CONTROL NUMBER
system control number (BD-JhCC)7032
040 ## - CATALOGING SOURCE
Original cataloging agency DLC
Transcribing agency DLC
Modifying agency DLC
-- (BD-JhCC)
041 1# - LANGUAGE CODE
Language code of Book eng
Language code of original and/or intermediate translations of text per
050 00 - LIBRARY OF CONGRESS CALL NUMBER
Classification number PK6456
Item number .A1L4 1996
082 00 - DEWEY DECIMAL CLASSIFICATION NUMBER
Classification number 891/.5511
DDC Edition number 20
Author mark and Year FIR 1966
100 1# - MAIN ENTRY--PERSONAL NAME
Personal name Firdawsī.
240 10 - UNIFORM TITLE
Uniform title Shāhnāmah.
245 14 - TITLE STATEMENT
Title The epic of the kings :
Remainder of title Shāh-nāma, the national epic of Persia /
Statement of responsibility, etc Ferdowsi ; an abridged translation by Reuben Levy ; with a foreword by Ehsan Yarshater, a preface by Amin Banani, and and a new introduction by Dick Davis.
250 ## - EDITION STATEMENT
Edition statement 2nd ed.
260 ## - PUBLICATION, DISTRIBUTION, ETC. (IMPRINT)
Place of publication, distribution, etc Costa Mesa, Calif. :
Name of publisher, distributor, etc Mazda,
Date of publication, distribution, etc c1996.
300 ## - PHYSICAL DESCRIPTION
Pagination xlvi, 423 p. ;22 cm.
440 #0 -
Title Persian heritage series ;
Volume number/sequential designation no. 2
650 ## - SUBJECT ADDED ENTRY--TOPICAL TERM
Topical term or geographic name as entry element Kings Administration
700 1# - ADDED ENTRY--PERSONAL NAME
Personal name Levy, Reuben.
942 ## - ADDED ENTRY ELEMENTS (KOHA)
Source of classification or shelving scheme Dewey Decimal Classification
Koha item type Books
Holdings
Source of classification or shelving scheme Damaged status Not for loan Home library Current library Shelving location Date of accession Total Checkouts Full call number Barcode Date last seen Copy number Koha item type
Dewey Decimal Classification     JCC Rouf Library JCC Rouf Library General Stacks 02/04/2018   891/.5511 FIR 1966 9533 02/04/2018 C - 1 Books

JCC Library | Contacts | JCC Home

Last Update on 23 September 2017
Copyright @ 2017-2020 JCC Rouf Library
Rouf Library, Jhenidah Cadet College (JCC), Bangladesh